| 000 | 00806nas a2200277 4500 | ||
|---|---|---|---|
| 001 | BR0704376 | ||
| 003 | BR-BrBNA | ||
| 005 | 20231205111406.0 | ||
| 007 | ta | ||
| 008 | 230509b bl.|||p| |||| 00| 00por d | ||
| 040 |
_aBR-BrBNA _bpor _cBiblioteca Nacional de Agricultura |
||
| 041 | _a(Pt) | ||
| 072 | _aS30 | ||
| 100 | 1 | _aDamian, C. | |
| 100 | 1 | _aBeirão, l.H. | |
| 100 | 1 | _aSanto, M.L.P.E. | |
| 100 | 1 | _aTeixeira, E. | |
| 245 | 1 | _aQuitosana: um amino polissacarídio com características funcionais | |
| 650 | _aOBESIDADE | ||
| 650 | _aTEOR DE GORDURA | ||
| 650 | _aALIMENTO PREPARADO | ||
| 650 | _aDIETA | ||
| 773 | 0 |
_tAlimentos e Nutrição (Brazil) _xISSN 0103-4235 _g(Abr-Jun 2005), v. 16(2) p. 195-205 _wBR0704376 |
|
| 909 |
_a202311 _bLúcia _c55 _dLúcia Elande |
||
| 942 |
_2AGRIS _n0 _cANA |
||
| 999 |
_c192451 _d192451 |
||